书目信息 |
| 题名: |
计算语言学导论
|
|
| 作者: | 翁富良 , 王野翊 著 | |
| 分册: | ||
| 出版信息: | 北京 中国社会科学出版社 1998 |
|
| 页数: | 219页 | |
| 开本: | 20cm | |
| 丛书名: | 当代语言学理论丛书 | |
| 单 册: | ||
| 中图分类: | H087 | |
| 科图分类: | ||
| 主题词: | 统计语言学 | |
| 电子资源: | ||
| ISBN: | 7-5004-2080-3 | |
| 000 | 00925nam0 2200265 450 | |
| 001 | TS2006042400 | |
| 005 | 20061227110454.60 | |
| 010 | @a7-5004-2080-3@dCNY20.00 | |
| 100 | @a20060829d1998 em y0chiy0120 ea | |
| 101 | 0 | @achi |
| 102 | @aCN@b110000 | |
| 105 | @ay a 000yy | |
| 200 | 1 | @a计算语言学导论@AJi Suan Yu Yan Xue Dao Lun@dIntroduction to computational linguistics@f翁富良, 王野翊著@FWeng Fu Liang , Wang Ye Yi Zhu@zeng |
| 210 | @a北京@c中国社会科学出版社@d1998@h2005年第2次印刷 | |
| 215 | @a219页@d20cm | |
| 225 | 2 | @a当代语言学理论丛书@dContemporary linguistic theory series@zeng |
| 320 | @a有书目: 第211-219页 | |
| 410 | 0 | @12001 @a当代语言学理论丛书 |
| 510 | 1 | @aIntroduction to computational linguistics@zeng |
| 606 | 0 | @a统计语言学 |
| 690 | @aH087@v4 | |
| 701 | 0 | @a翁富良@AWeng Fu Liang@4著 |
| 701 | 0 | @a王野翊@AWang Ye Yi@4著 |
| 801 | 0 | @aCN@b中图数据@c20061227 |
| 905 | @a10447@dH087@e125 | |
| 计算语言学导论=Introduction to computational linguistics/翁富良, 王野翊著.-北京:中国社会科学出版社,1998(2005年第2次印刷) |
| 219页;20cm.-(当代语言学理论丛书=Contemporary linguistic theory series) |
| ISBN 7-5004-2080-3:CNY20.00 |
| ● |
| 相关链接 |
|
|
|
|
正题名:计算语言学导论
索取号:H087/125
 
预约/预借
| 序号 | 登录号 | 条形码 | 馆藏地/架位号 | 状态 | 备注 |
| 1 | 0603149 | 206031499 | 第二样本阅览室/ [索取号:H087/125] | 在馆 | |
| 2 | 0603150 | 206031505 | 第四借阅区/ [索取号:H087/125] | 在馆 | |
| 3 | 0603151 | 206031514 | 第四借阅区/ [索取号:H087/125] | 在馆 | |
| 4 | 0603152 | 206031523 | 第四借阅区/ [索取号:H087/125] | 在馆 | |
| 5 | 0603153 | 206031532 | 第四借阅区/ [索取号:H087/125] | 在馆 | |
| 6 | 0603154 | 206031541 | 第四借阅区/ [索取号:H087/125] | 在馆 |